日本の「区」 - Statistics

General Stats
  • This quiz has been taken 262 times
    241 since last reset
  • The average score is 171 of 261
Answer Stats
設置年 上位区画 設置理由 廃止年 廃止理由 % Correct
1908 名古屋市 中区 区制施行
93%
中区
93%
広島市 中区 政令指定都市移行
93%
中区
93%
中区
93%
中区
93%
北区
92%
1944 名古屋市 北区 東・西より分離
92%
北区 滝野川・王子を統合
92%
1955 京都市 北区 上京より分離
92%
北区
92%
1973 神戸市 北区 兵庫より分離
92%
北区
92%
北区
92%
2007 新潟市 北区
92%
北区
92%
2009 岡山市 北区
92%
北区
92%
南区 1989 区画統合
91%
南区
91%
1943 横浜市 南区 中より分離
91%
南区 下京より分離
91%
南区
91%
南区
91%
南区
91%
南区
91%
南区
91%
南区
91%
南区
91%
南区
91%
南区
91%
南区
91%
大阪府 東区 1989 区画統合
90%
西区
90%
東区
90%
西区
90%
1944 横浜市 西区 中より分離
90%
東区
90%
西区
90%
福岡市 東区
90%
西区
90%
東区
90%
西区
90%
神戸市 西区 垂水より分離
90%
2003 さいたま市 西区 政令指定都市移行
90%
東区
90%
西区
90%
東区
90%
西区
90%
西区
90%
東区
90%
東区
90%
2010 相模原市 緑区
90%
東区
90%
西区
90%
港区 西・北より分離
89%
港区 東より分離
89%
中央区 日本橋・京橋を統合
89%
港区 芝・麻布・赤坂を統合
89%
1972 札幌市 中央区 政令指定都市移行
89%
中央区
89%
1980 神戸市 中央区 生田・葺合を統合
89%
大阪市 中央区 東・南を統合
89%
1992 千葉市 中央区 政令指定都市移行
89%
中央区
89%
中央区
89%
中央区
89%
2012 熊本市 中央区
89%
2024 浜松市 中央区 中・東・西・南・北を統合
89%
新宿区 四谷・淀橋・牛込を統合
85%
湊区 1945 区画再編
84%
足立区 南足立郡編入
84%
1932 東京市 品川区 荏原郡編入
82%
1931 京都市 右京区 葛野郡10町村編入
81%
江東区 深川・城東を統合
81%
世田谷区
80%
渋谷区 豊多摩郡編入
79%
1947 東京都 千代田区 麹町・神田を統合
79%
大田区 大森・蒲田を統合
79%
葛飾区
78%
江戸川区
78%
豊島区 北豊島郡編入
77%
練馬区 板橋より分離
77%
1929 京都市 左京区 上京より分離
76%
緑区 鳴海町編入
76%
緑区 港北より分離
76%
緑区
76%
緑区
76%
堺県 堺区
75%
板橋区
75%
2006 堺市 堺区
75%
石川県 金沢区
74%
中野区
74%
文京区 小石川・本郷を統合
74%
1948 横浜市 金沢区 磯子より分離
74%
目黒区
73%
旭区 東成より分離
73%
台東区 下谷・浅草を統合
73%
小倉区 1974 区画再編
73%
1969 横浜市 旭区 保土ヶ谷より分離
73%
1939 横浜市 港北区 神奈川より分離
72%
下京区
71%
兵庫県 神戸区 1889 市制施行
71%
神戸区 1945
71%
1974 大阪市 淀川区 東淀川より分離
71%
京都府 上京区
70%
北海道 札幌区 1899 区制施行
70%
1899 北海道 札幌区 北海道区制 1922
70%
住吉区
70%
杉並区
69%
荒川区
69%
墨田区 本所・向島を統合
69%
仙台市 青葉区 政令指定都市移行
69%
1994 横浜市 青葉区 港北・緑より分離
69%
西成区 西成郡4町村編入
68%
浦和区
68%
東淀川区 西成郡9町村編入
67%
東成区 東成郡12町村編入
67%
八幡区 1974 区画再編
67%
港南区 南より分離
67%
川崎市 川崎区
67%
伏見区 1881 町村制施行
66%
神奈川県 横浜区
66%
新潟県 新潟区
66%
愛知県 名古屋区
66%
広島県 広島区
66%
1896 沖縄県 那覇区 沖縄県区制 1921
66%
伏見区 伏見市・紀伊郡7町村・宇治郡醍醐村編入
66%
須磨区
66%
戸塚区 鎌倉郡8町村編入
66%
多摩区
66%
大宮区
66%
2005 さいたま市 岩槻区 岩槻市編入
66%
江南区
66%
和歌山県 和歌山区
65%
岡山県 岡山区
65%
熊本県 熊本区
65%
宮城県 仙台区 1889 市制施行
64%
福岡県 福岡区
64%
長崎県 長崎区
64%
城東区 東・東成・旭より分離
64%
高津区
64%
此花区 西・北より分離
63%
西淀川区 西成郡7町村編入
63%
豊平区
63%
博多区
63%
清水区
63%
神奈川区
62%
1963 名古屋市 守山区 守山市編入
61%
浜松市 浜北区 2024 区画再編
61%
保土ヶ谷区
60%
中京区 上京・下京より分離
60%
昭和区 中・南より分離
60%
東山区 下京より分離
59%
城東区
59%
白石区
59%
天竜区
59%
函館区
58%
函館区
58%
1914 北海道 旭川区 北海道区制施行 1922 市制施行
58%
1927 横浜市 鶴見区 区制施行
58%
鶴見区 城東より分離
58%
北九州市 小倉北区 小倉より分離
58%
小倉南区
58%
静岡市 葵区 政令指定都市移行
58%
磯子区
56%
灘区
56%
1933 神戸市 兵庫区 湊西より改称
56%
東住吉区
56%
1920 北海道 釧路区
55%
大森区 1947 合併・特別区移行
55%
蒲田区
55%
1937 名古屋市 千種区 東より分離
55%
神田区
54%
1946 神戸市 垂水区 須磨より分離
54%
北九州市 門司区 政令指定都市移行
54%
日本橋区
53%
1976 京都市 山科区 東山より分離
53%
安芸区
53%
浅草区
52%
本郷区
51%
1925 大阪市 天王寺区 東・南より分離
51%
宮城野区
51%
駿河区
51%
小石川区
50%
浪速区 南より分離
50%
1950 神戸市 東灘区 武庫郡3町村編入
50%
安佐南区
50%
京橋区
49%
中村区 中・西より分離
49%
八幡西区 八幡より分離
49%
八幡東区
49%
安佐北区
49%
桜区
49%
赤坂区
48%
大阪市 大正区 港より分離
48%
栄区 中より分離 1945 区画再編
48%
1986 横浜市 栄区 戸塚より分離
48%
泉区
48%
1989 札幌市 手稲区 西より分離
48%
泉区
48%
1879 東京府 麹町区 郡区町村編制法 1947 合併・特別区移行
47%
芝区
47%
麻布区
47%
深川区
47%
小樽区
47%
美浜区
47%
稲毛区
47%
浜名区 北・浜北を統合
47%
牛込区
46%
王子区
46%
幸区
46%
中原区
46%
四谷区
45%
長田区 林田・須磨より分離
45%
麻生区 多摩より分離
45%
本所区
44%
向島区 南葛飾郡編入 1947 合併・特別区移行
44%
阿倍野区
44%
若松区
44%
下谷区
43%
熱田区 東より分離
43%
住之江区 住吉より分離
43%
早良区
43%
厚別区 白石より分離
43%
美原区
43%
淀橋区 1947 合併・特別区移行
42%
滝野川区 1947 合併・特別区移行
42%
若葉区
42%
1918 北海道 室蘭区
41%
林田区
41%
大阪市 福島区 北・此花・西淀川より分離
41%
戸畑区
41%
福岡市 城南区 西より分離
41%
瀬谷区 戸塚より分離
40%
花見川区
40%
太白区
39%
1997 札幌市 清田区 豊平より分離
39%
秋葉区
39%
中川区 中・南より分離
38%
1945 神戸市 生田区 神戸・湊東より分離 1980 区画再編
38%
天白区
38%
1985 広島市 佐伯区 五日市町編入
38%
若林区
38%
西蒲区
38%
西京区 右京より分離
37%
都筑区
37%
見沼区
37%
湊東区
36%
平野区 東住吉より分離
36%
1982 川崎市 宮前区 高津より分離
36%
都島区 北・旭より分離
34%
瑞穂区 昭和・熱田より分離
32%
1975 名古屋市 名東区 千種より分離
32%
湊西区 1933 改称
30%
生野区 東成・住吉より分離
30%
首里区
29%
山口県 赤間関区
28%
荏原区 1947 合併・特別区移行
28%
神戸市 葺合区 区制施行 1980 区画再編
25%
大淀区 東淀川より分離 1989 区画再編
10%
No matching quizzes found
Score Distribution
Percent of People with Each Score
Percentile by Number Answered
Your Score History
You have not taken this quiz since the last reset